| 000 | 00999nam a22002057a 4500 | ||
|---|---|---|---|
| 008 | 100707s1993 xxu||||| |||| 00| 0 ara d | ||
| 020 | _a1855130467 | ||
| 082 |
_222 _a306.7 _bن ف ز |
||
| 100 | 1 |
_914939 _aالنفزاوي، أبي عبد الله محمد بن محمد |
|
| 245 |
_aالروض العاطر في نزهة الخاطر / _cأبي عبد الله محمد بن محمد النفزاوي ؛ حققه ووضع هوامشة وعلق عليه جمال جمعة |
||
| 250 | _aط2. | ||
| 260 |
_aلندن : _bرياض الريس ، _c1993. |
||
| 300 |
_a188 ص : _c24 سم. |
||
| 541 |
_aألف باء ؛ _cشراء ؛ |
||
| 650 |
_916027 _aالجنس |
||
| 650 |
_916028 _aالجنس _xنصائح |
||
| 700 |
_914933 _aجمعة، جمال _eحققه ووضع هوامشه وعلق عليه |
||
| 942 |
_2ddc _cBB |
||
| 999 |
_c14426 _d14426 |
||